000
00288nam a22001337a 4500
003
SGT
082
_a
BAN,541
100
_a
BANSAL, RAJESH
245
_a
PHYSICAL CHEMISTRY- 2
260
_a
MEERUT
_b
PRAGATI PRAKASHAN
_c
2016
300
_a
186
650
_a
CHEMISTRY
942
_2
ddc
_c
FPS
_0
17
999
_c
10058
_d
10058